Who Wrote That 'A' Book? Quiz Stats

 Plays Quiz Updated Sep 8, 2017

Challenge
Share
Tweet
Embed
Score 0/20 Timer 05:00
0 Plays Today
Question Answer Wrong Answers
The Adventures of Huckleberry Finn Mark Twain
95.8%
Joel Chandler Harris
0.5%
Henry James
0.6%
Stephen Crane
0.5%
Animal Farm George Orwell
92.7%
Aldous Huxley
2.3%
Ray Bradbury
1.5%
Richard Adams
1%
Angels & Demons Dan Brown
90.1%
David Baldacci
3.1%
Joseph Conrad
2.1%
Bram Stoker
1.8%
Atlas Shrugged Ayn Rand
83.2%
David Foster Wallace
4.6%
Anthony Burgess
4.4%
Philip K. Dick
4.6%
Around the World in Eighty Days Jules Verne
80.2%
H.G. Wells
14.2%
Isaac Asimov
1.6%
Ray Bradbury
1.4%
And Then There Were None Agatha Christie
77.3%
Arthur Conan Doyle
5.3%
Sue Grafton
6.8%
Dashiell Hammett
7.6%
Anna Karenina Leo Tolstoy
76.3%
Fyodor Dostoyevsky
17.2%
Alexander Pushkin
2.2%
Ivan Turgenev
1.6%
As I Lay Dying William Faulkner
67.3%
John Steinbeck
9.7%
Carson McCullers
6.8%
Flannery O'Connor
13.1%
Atonement Ian McEwan
66.5%
Thomas Hardy
15.1%
Jane Austen
12.5%
Charles Dickens
2.7%
The Age of Innocence Edith Wharton
63.6%
Dora Montefiore
3.3%
Virginia Woolf
18.7%
Sylvia Plath
11.4%
American Gods Neil Gaiman
63%
Kurt Vonnegut
20%
China Miéville
5%
Ursula K. Le Guin
8.6%
American Psycho Bret Easton Ellis
61.4%
Zadie Smith
5.4%
Thomas Pynchon
21.4%
Don DeLillo
8.7%
Anne of Green Gables Lucy Maud Montgomery
60.8%
Annie Proulx
8.5%
Margaret Atwood
15.1%
Nathaniel Hawthorne
12.8%
All the Pretty Horses Cormac McCarthy
57.6%
Harper Lee
7.3%
Eudora Welty
14.2%
Alice Walker
17.6%
All the King's Men Robert Penn Warren
49.8%
Gore Vidal
23.5%
V.S. Naipaul
4.9%
Graham Greene
18.5%
The Adventures of Augie March Saul Bellow
47.5%
Thomas Mann
18.7%
John Kennedy Toole
15.1%
Neal Stephenson
15%
All Quiet on the Western Front Erich Maria Remarque
47.1%
Arnold Zweig
9.3%
John Dos Passos
7.4%
Ernest Hemingway
33.3%
The Awakening Kate Chopin
45%
Kate Austin
15.3%
Charlotte Perkins Gilman
18%
Elizabeth Cady Stanton
18.3%
Alexander and the Terrible, Horrible, No Good, Very Bad Day Judith Viorst
42.6%
Avi
5.5%
E.L. Konigsburg
24.8%
Louis Sachar
23.8%
Appointment in Samarra John O'Hara
38.3%
Evelyn Waugh
19.7%
D.H. Lawrence
27.3%
James Joyce
11.1%

You're not logged in!

Compare scores with friends on all Sporcle quizzes.
Join for Free
OR
Log In

You Might Also Like...

Show Comments

Extras

Top Quizzes Today


Score Distribution

Your Account Isn't Verified!

In order to create a playlist on Sporcle, you need to verify the email address you used during registration. Go to your Sporcle Settings to finish the process.

Report this User

Report this user for behavior that violates our Community Guidelines.

Details: